Christentum und Judentum im Wandel der Zeiten

Bibliographic Details
Main Author: Schubert, Kurt (Author)
Format: Book
Language:German
PhysicalDescription:229 s., xiii s. fotogr. príl. 25 cm
Published: Wien Böhlau c2003
ISBN:3205770846
Subjects:

MARC

LEADER 00000nam a2200000 a 4500
001 vtls001475634
003 SK-MaSNL
005 20260301044514.0
008 240318s2003 au o g f 00000 ger
020 |a 3205770846  |q (viaz.) 
035 |a SNK000430935 
040 |a SNK  |b slo  |c SNK  |e AACR2 
044 |a au  |a gw  |c AT  |c DE 
072 7 |a 26  |x Judaizmus  |2 konspekt 
080 |a 26-285.2  |2 MDT-MRF 
080 |a 26  |2 MDT-MRF 
080 |a 2-285.4  |2 MDT-MRF 
080 |a 26-025.44  |2 MDT-MRF 
080 |a 27-67-26  |2 MDT-MRF 
080 |a (048.8)  |2 MDT-MRF 
100 1 |a Schubert, Kurt  |4 aut  |9 281270 
245 1 0 |a Christentum und Judentum im Wandel der Zeiten  |c Kurt Schubert 
260 |a Wien  |b Böhlau  |c c2003 
300 |a 229 s., xiii s. fotogr. príl.  |c 25 cm 
650 0 7 |a kresťanstvo a judaizmus  |x dejiny  |2 SNKPH  |9 351028 
650 0 7 |a židovská apologetika  |x dejiny  |2 SNKPH  |9 351029 
650 0 7 |a judaizmus  |x dejiny  |2 SNKPH  |9 68453 
650 0 7 |a náboženské polemiky  |2 SNKPH  |9 88056 
650 0 7 |a antijudaizmus  |2 SNKPH  |9 82106 
655 7 |a štúdie  |2 SNKPH  |9 57033 
919 |a 3-205-77084-6 
999 |c 596145  |d 598075 
952 |t P60, <04>, [BOOK], {604}, -K-  |a SNK  |b SNK  |y VYP  |7 0  |p 17A0438921  |o snkIC 131530  |i snkV 1110/2004  |8 2  |g 48.80  |0 0  |1 0  |4 0  |d 2004-05-28  |l 0  |r 2005-01-02 00:00:00  |w 2026-02-23